| 000 | 00864nam a2200217Ia 4500 | ||
|---|---|---|---|
| 999 |
_c39464 _d39464 |
||
| 001 | 6058 | ||
| 003 | GE_BSU | ||
| 005 | 20190920111924.0 | ||
| 008 | 181216s1987||||ge |||||||||||||| ||geo|| | ||
| 040 | _cGE_BSU | ||
| 041 | _ageo | ||
| 080 | _a821.353.1-1 ა-76 | ||
| 100 |
_aარაბული, კობა _92366 |
||
| 245 |
_aკვირიას ხილვები ფხოვის გზებზე / _bლექსები : _cარაბული, კობა ; რედ. ლ. არაბიძე. |
||
| 264 |
_aთბილისი : _bმერანი ; _c1987. |
||
| 300 |
_a108 გვ. ; _c17 სმ. |
||
| 653 | _aკვირიას ხილვები ფხოვის გზებზე | ||
| 653 | _aლექსები | ||
| 700 |
_aარაბიძე, ლ. _e რედაქტორი _94164 |
||
| 942 |
_cBK _2udc |
||